000 01944 a2200253 4500
003 Nust
005 20170207154319.0
020 _a978-0-557-34425-3
040 _cNust
082 0 4 _a629.8
100 1 _aJack, Hugh
245 1 0 _aAutomating manufacturing systems with PLCs :(E-Book)
_cHugh Jack
250 _a(Version 4.7, April 14, 2005)
260 _bHugh Jack ,
_c1993-2005
300 _a846p;
_bill.
505 _a2. PROGRAMMABLE LOGIC CONTROLLERS .1 3. PLC HARDWARE . . 3.1 4. LOGICAL SENSOR . 4.1 6. BOOLEAN LOGIC DESIGN . . 6.1 7. KARNAUGHMAPS . 7.1 8. PLC OPERATION . . . .8.1 9. LATCHES, TIMERS, COUNTERS AND MORE . 9.1 10. STRUCTURED LOGIC DESIGN . . . 10.1 10.8 ASSIGNMENT PROBLEMS 10.14 11. FLOWCHART BASED DESIGN . . 11.1 12. STATE BASED DESIGN . . . 12.1 13. NUMBERS AND DATA . . . 13.1 14. PLCMEMORY .. . . 14.1 15. LADDER LOGIC FUNCTIONS . . . 15.1 16. ADVANCED LADDER LOGIC FUNCTIONS . . . 16.1 16.1 INTRODUCTION 16.1 17. OPEN CONTROLLERS . . . 17.1 18. INSTRUCTION LIST PROGRAMMING . 18.1 19. STRUCTURED TEXT PROGRAMMING .. 19.1 20. SEQUENTIAL FUNCTION CHARTS .20.1 21. FUNCTION BLOCK PROGRAMMING . . . 21.1 22. ANALOG INPUTS AND OUTPUTS . 22.1 23. CONTINUOUS SENSORS . . . 23.1 24. CONTINUOUS ACTUATORS . . .24.1 25. CONTINUOUS CONTROL . 25.1 26. FUZZY LOGIC .. . . . . 26.1 27. SERIAL COMMUNICATION . . 27.1 28. NETWORKING . . . . . 28.1 29. INTERNET . .. . 29.1 30. HUMANMACHINE INTERFACES (HMI) . . . 30 31. ELECTRICAL DESIGN AND CONSTRUCTION . . 31.1 32. SOFTWARE ENGINEERING . . 32.1 33. SELECTING A PLC . . 33.1 34. FUNCTION REFERENCE . . . 34.1 35. COMBINED GLOSSARY OF TERMS . . . 35.1 36. PLC REFERENCES . .. . 36.1 37. GNU Free Documentation License . . 37.1
538 _a(E-Book)
650 7 _aAutomatic control
650 7 _aAutomation
650 7 _aReglerteknik
650 7 _aStyrteknik
651 _aAutomating manufacturing systems with PLCs :(E-Book)
856 4 _uhttp://engineeronadisk.com
942 _2ddc
_cBK
999 _c196679
_d196679